Economic diplomacy / (Record no. 123003)
[ view plain ]
| 000 -LEADER | |
|---|---|
| fixed length control field | 00651nam a22002297a 4500 |
| 005 - DATE AND TIME OF LATEST TRANSACTION | |
| control field | 20170124105919.0 |
| 010 ## - LIBRARY OF CONGRESS CONTROL NUMBER | |
| LC control number | B-211124 |
| 020 ## - INTERNATIONAL STANDARD BOOK NUMBER | |
| Terms of availability | 600.00 |
| International Standard Book Number | 9788122007213 |
| 035 ## - SYSTEM CONTROL NUMBER | |
| System control number | B-211124 |
| 037 ## - SOURCE OF ACQUISITION | |
| Source of stock number/acquisition | Cen Lib/Ret |
| 040 ## - CATALOGING SOURCE | |
| Original cataloging agency | DPL |
| Language of cataloging | EN |
| 082 ## - DEWEY DECIMAL CLASSIFICATION NUMBER | |
| Classification number | 338.9 |
| Item number | ECO |
| 245 ## - TITLE STATEMENT | |
| Title | Economic diplomacy / |
| Statement of responsibility, etc | edited by I.P.Khosla |
| 260 ## - PUBLICATION, DISTRIBUTION, ETC. (IMPRINT) | |
| Place of publication, distribution, etc | Delhi |
| Name of publisher, distributor, etc | Konark publishers |
| Date of publication, distribution, etc | 2006 |
| 270 ## - ADDRESS | |
| Address | A-149, Main Vikas Marg |
| City | Delhi |
| Postal code | 110092 |
| 300 ## - PHYSICAL DESCRIPTION | |
| Extent | ix,268p. |
| Dimensions | 21cm (Hb) |
| 500 ## - GENERAL NOTE | |
| General note | Inculdes index |
| 650 ## - SUBJECT ADDED ENTRY--TOPICAL TERM | |
| Topical term or geographic name as entry element | Indian economy |
| 9 (RLIN) | 3591 |
| 650 ## - SUBJECT ADDED ENTRY--TOPICAL TERM | |
| Topical term or geographic name as entry element | Economic diplomacy |
| 9 (RLIN) | 3592 |
| 700 ## - ADDED ENTRY--PERSONAL NAME | |
| Personal name | Khosla,I.P. |
| 9 (RLIN) | 7847 |
| 942 ## - ADDED ENTRY ELEMENTS (KOHA) | |
| Source of classification or shelving scheme | Dewey Decimal Classification |
| Koha item type | English Books |
| Classification part | 338.9 |
| Call number suffix | ECO |
| Withdrawn status | Lost status | Damaged status | Not for loan | Home library | Current library | Date acquired | Source of acquisition | Cost, normal purchase price | Total Checkouts | Full call number | Barcode | Date last seen | Copy number | Cost, replacement price | Price effective from | Koha item type |
|---|---|---|---|---|---|---|---|---|---|---|---|---|---|---|---|---|
| Central Library | Central Library | 01/06/2015 | Cen Lib/Ret | 600.00 | 338.9 ECO | B-211124 | 01/06/2015 | 1 | 600.00 | 01/06/2015 | English Books |
